000 00765nam a22001935i 4500
001 171559
003 ES-MaACL
005 20230906214649.0
008 090520s1949 sp |||| | spa d
080 _a016:63(462.2)
100 1 _aSolar y Taboada, Antonio del.
_9137565
245 1 0 _aExtremadura agraria
_b: (título de algunos libros que tratan de la agricultura y ganadería de la región) /
_cAntonio del Solar y Taboada.
260 _aBadajoz :
_b[s.n.],
_c1949 (
_fTip. Viuda de Antonio Arqueros)
300 _a75 p., 4 lám. ;
_c22 cm.
490 1 _aPublicaciones de la Cooperativa Caja Rural de Badajoz
830 0 _aPublicaciones de la Cooperativa Caja Rural de Badajoz
_9189025
852 _aES-MaACL
_j1894-F-13
_9R.26878
999 _c171559
_d171559